000 00376nam a2200157 a 4500
020 _a2213014965 :
040 _cDLC
082 0 0 _a641 FAY 1984 A047 Or.
100 1 _aGourou, Pierre,
245 1 0 _aRiz et civilisation /
260 _aParis :
_bFayard,
_cc1984.
300 _a299 p. :
_bill. ;
_c24 cm.
650 0 _aRice.
650 0 _aPlants and civilization.
942 _cEK
999 _c13521
_d13521